| 000 | 00589cam a22002411 4500 | ||
|---|---|---|---|
| 001 | sa 66006872 | ||
| 003 | DLC | ||
| 005 | 20260227112259.0 | ||
| 008 | 851203m19659999pk 000 0beng | ||
| 010 | _asa 66006872 | ||
| 025 | _aPL480:P-E-851 | ||
| 035 | _a(OCoLC)12866245 | ||
| 040 |
_aDLC _cCLU _dDLC |
||
| 042 | _apremarc | ||
| 050 | 0 | 0 |
_aD198.3 _b.S57 |
| 082 | _a297.0922 | ||
| 100 | 1 | _aSiddiqi, Amir Hasan. | |
| 245 | 1 | 0 | _aHeroes of Islam. |
| 250 | _a[1st ed.] | ||
| 260 |
_aKarachi, _bJamiyat-ul-Falah _c[1965- |
||
| 300 |
_a2 v. _c24 cm. |
||
| 650 | 0 |
_aMuslims _vBiography. |
|
| 999 |
_c70780 _d70780 |
||